| 000 | 00365nam a2200145Ia 4500 | ||
|---|---|---|---|
| 008 | 240624s9999 xx 000 0 und d | ||
| 041 | _aeng | ||
| 082 | _a332.1 TAX | ||
| 100 | _aTAXMANN | ||
| 245 | _aSTATUTORY GUIDE FOR NBFCS WITH LAW RELAT | ||
| 250 | _a(23rd ed.) | ||
| 260 |
_c2018 _aNew Delhi _bTaxmann |
||
| 300 | _ai-66, 1640 p.; 24 cm. | ||
| 365 |
_cRS _b30 |
||
| 999 |
_c31856 _d31856 |
||